000 00425nam a2200157 i 4500
001 38890
003 ES-MaACL
005 20230906155837.0
007 t|
008 030226s1952 sp ||||1| spa d
100 1 _aCalvo, Isabel.
_933843
245 1 3 _aLa isla de los siete pecados /
_cIsabel Calvo.
260 _aMadrid :
_bRumbos,
_c1952 (
_fEscelicer)
300 _a175 p. ;
_c19 cm.
852 _aES-MaACL
_jD-8270
_bR.32788
999 _c38890
_d38890